Learning Resource and Development

Art Appreciation / (Record no. 29183)

MARC details
000 -LEADER
fixed length control field 01191nam a2200289 i 4500
003 - CONTROL NUMBER IDENTIFIER
control field CSPC
005 - DATE AND TIME OF LATEST TRANSACTION
control field 20260114133905.0
007 - PHYSICAL DESCRIPTION FIXED FIELD--GENERAL INFORMATION
fixed length control field ta
008 - FIXED-LENGTH DATA ELEMENTS--GENERAL INFORMATION
fixed length control field 250314s2023 ph a b 000 0 eng d
020 ## - INTERNATIONAL STANDARD BOOK NUMBER
International Standard Book Number 9786214091706
040 ## - CATALOGING SOURCE
Original cataloging agency CSPC
Language of cataloging eng
Transcribing agency CSPC
Description conventions rda
082 ## - DEWEY DECIMAL CLASSIFICATION NUMBER
Edition number 23
Classification number 701
Item number So46a
100 1# - MAIN ENTRY--PERSONAL NAME
Personal name Solmerano, Ernesto Thaddeus M.,
Relator term author.
245 0# - TITLE STATEMENT
Title Art Appreciation /
Statement of responsibility, etc. Ernesto Thaddeus M. Solmerano.
250 ## - EDITION STATEMENT
Edition statement Second edition.
264 #1 - PRODUCTION, PUBLICATION, DISTRIBUTION, MANUFACTURE, AND COPYRIGHT NOTICE
Place of production, publication, distribution, manufacture Mandaluyong City, Manila :
Name of producer, publisher, distributor, manufacturer Books Atbp. Publishing Corp.
Date of production, publication, distribution, manufacture, or copyright notice 2023.
300 ## - PHYSICAL DESCRIPTION
Extent xiv, 222 pages :
Other physical details illustrations ;
Dimensions 22 cm.
336 ## - CONTENT TYPE
Source rdacontent
Content type term text
337 ## - MEDIA TYPE
Source rdamedia
Media type term unmediated
338 ## - CARRIER TYPE
Source rdacarrier
Carrier type term volume
504 ## - BIBLIOGRAPHY, ETC. NOTE
Bibliography, etc. note Includes bibliographical references.
505 0# - FORMATTED CONTENTS NOTE
Formatted contents note The nature of art -- Subject and function in the arts -- Medium, elements of the art and principles of design -- Art through the ages -- Living with art -- Experiencing art.
650 10 - SUBJECT ADDED ENTRY--TOPICAL TERM
Topical term or geographic name entry element Aesthetics.
650 10 - SUBJECT ADDED ENTRY--TOPICAL TERM
Topical term or geographic name entry element Art criticism.
942 ## - ADDED ENTRY ELEMENTS (KOHA)
Source of classification or shelving scheme Dewey Decimal Classification
Suppress in OPAC No
Koha item type Books
Edition 23
Classification part 701
Item part So46a
Call number prefix FIL
Call number suffix 2023
Holdings
Withdrawn status Lost status Source of classification or shelving scheme Damaged status Not for loan Home library Current library Shelving location Date acquired Total Checkouts Full call number Barcode Date last seen Copy number Price effective from Koha item type
    Dewey Decimal Classification     CAMPUS CSPC CAMPUS CSPC Filipiniana Section 03/11/2025   FIL 701 So46a 2023 001594-BUH 03/14/2025 1-4 03/11/2025 Books
    Dewey Decimal Classification     CAMPUS CSPC CAMPUS CSPC Filipiniana Section 03/11/2025   FIL 701 So46a 2023 001595-BUH 03/14/2025 2-4 03/11/2025 Books
    Dewey Decimal Classification     CAMPUS CSPC CAMPUS CSPC Filipiniana Section 10/28/2025   FIL 701 So46a 2023 001919-BUH 01/14/2026 3-4 01/14/2026 Books
    Dewey Decimal Classification     CAMPUS CSPC CAMPUS CSPC Filipiniana Section 10/28/2025   FIL 701 So46a 2023 001920-BUH 01/14/2026 4-4 01/14/2026 Books